000 00717nam a2200253Ia 4500
003 OSt
005 20220918220622.0
006 a|||||r|||| 00| 0
007 ta
008 220917b |||||||| |||| 00| 0 eng d
024 _a146,548
037 _cTextual
040 _aARTS
_cARTS
_beng
041 _2eng
_aeng
082 _aY48, L5
100 _aCassel Russell N Ed
_9137906
245 0 _aLeadership development
_b Theory and practice
260 _aNorthquiney
_bChristopher
_c1975
300 _ax, 342p.
_ccm.
650 _aSOCIOLOGY
700 _a Heichberger Robert L Ed
_9137907
942 _hY48, L5
_cTEXL
_2CC
999 _c269304
_d269304